Relaciones laborales en el sector salud: fuentes de información y métodos de análisis /

Đã lưu trong:
Chi tiết về thư mục
Tác giả chính: Dal Poz, Mario
Tác giả của công ty: Organización Panamericana de la Salud. Programa de Desarrollo de Recursos Humanos en Salud. Observatorio de los Recursos Humanos de Salud en las Reformas Sectoriales. División de Desarrollo de Sistemas y Servicios de Salud
Tác giả khác: Galin, Pedro, Novick, Marta, Varella, Thereza
Định dạng: Không biết
Được phát hành: Quito: OPS/OMS
Các nhãn: Thêm thẻ
Không có thẻ, Là người đầu tiên thẻ bản ghi này!

MARC

LEADER 00000 a2200000 04500
001 18270
003
008 991231s d
040
090 |a 142601  
100 |a Dal Poz, Mario  
110 |a Organización Panamericana de la Salud. Programa de Desarrollo de Recursos Humanos en Salud. Observatorio de los Recursos Humanos de Salud en las Reformas Sectoriales. División de Desarrollo de Sistemas y Servicios de Salud  
245 |a Relaciones laborales en el sector salud: fuentes de información y métodos de análisis /  |c Mario Dal Poz, 
260 |a Quito:   |b OPS/OMS  
300 |a 182 p.  
700 |a Galin, Pedro  
700 |a Novick, Marta  
700 |a Varella, Thereza  
999 |c 5959  |d 5959